000 00583nam a22001937a 4500
005 20251108172427.0
008 250721s9999 xx 000 0 ara d
082 1 4 _a362.18/بشي
100 1 _aبشير، بدر الدين كمال
245 1 0 _aإسعاف الحالات الطارئة /
264 1 _aالإسكندرية :
_bمنشأة المعارف،
300 _a149ص.
650 1 7 _aالإسعاف الأولي
650 1 7 _aالسلامة
650 1 7 _aالوقاية الصحية
650 1 7 _aإجراءاتالسلامة
942 _2ddc
_cBK
999 _c79058
_d79058